| 000 | 01344cam a22002891 4500 | ||
|---|---|---|---|
| 001 | hew63000091 | ||
| 003 | DLC | ||
| 005 | 20260227111512.0 | ||
| 008 | 720628s1963 dcuak f000 0 eng c | ||
| 010 | _ahew63000091 | ||
| 035 | _a(OCoLC)343749 | ||
| 040 |
_aU.S. Dept. of Health, Education, and Welfare. Library _cODaU _dOCoLC _dDLC |
||
| 042 | _apremarc | ||
| 050 | 0 | 0 |
_aL111 _b.A6 1963, no. 32 |
| 051 |
_aLB1623 _b.W693 |
||
| 086 | 0 | _aOE-20046 | |
| 100 | 1 |
_aWright, Grace S. _q(Grace Stevens) |
|
| 245 | 1 | 4 |
_aThe junior high school; _ba survey of grades 7-8-9 in junior and junior-senior high schools, 1959-60, _cby Grace S. Wright and Edith S. Greer. |
| 260 |
_a[Washington] _bU.S. Dept. of Health, Education, and Welfare, Office of Education _c[1963] |
||
| 300 |
_avi, 96 p. _bforms, tables. _c24 cm. |
||
| 410 | 1 | 0 |
_aUnited States. _bOffice of Education. _tBulletin 1963, _vno. 32 |
| 500 | _a"OE-20046." | ||
| 501 |
_aCopies 1 and 3 of L111.A6 with: Education in Czechoslovakia / Nellie Apanasewicz. Washington : U.S.Dept. of Health, Education, and Welfare, Office of Education, 1963. Bound together subsequent to publication. _5DLC |
||
| 650 | 0 |
_aJunior high schools _zUnited States. |
|
| 700 | 1 |
_aGreer, Edith Christine Simanek, _d1904- _ejoint author. |
|
| 740 | 0 | _aA survey of grades 7-8-9 in junior and junior-senior high schools. | |
| 999 |
_c34430 _d34430 |
||